Principles of physics / (Record no. 181350)
[ view plain ]
| 000 -LEADER | |
|---|---|
| fixed length control field | 01558 a2200205 4500 |
| 003 - CONTROL NUMBER IDENTIFIER | |
| control field | NUST |
| 005 - DATE AND TIME OF LATEST TRANSACTION | |
| control field | 20221124125901.0 |
| 010 ## - LIBRARY OF CONGRESS CONTROL NUMBER | |
| LC control number | 81012353 |
| 020 ## - INTERNATIONAL STANDARD BOOK NUMBER | |
| International Standard Book Number | 0070088675 |
| 040 ## - CATALOGING SOURCE | |
| Transcribing agency | Nust |
| 082 00 - DEWEY DECIMAL CLASSIFICATION NUMBER | |
| Classification number | 530,BUE |
| 100 1# - MAIN ENTRY--PERSONAL NAME | |
| Personal name | Bueche, F. |
| 9 (RLIN) | 39737 |
| 245 10 - TITLE STATEMENT | |
| Title | Principles of physics / |
| Statement of responsibility, etc. | F. Bueche. |
| 250 ## - EDITION STATEMENT | |
| Edition statement | 3rd ed. |
| 260 ## - PUBLICATION, DISTRIBUTION, ETC. | |
| Place of publication, distribution, etc. | New York : |
| Name of publisher, distributor, etc. | McGraw-Hill, |
| Date of publication, distribution, etc. | c1977. |
| 300 ## - PHYSICAL DESCRIPTION | |
| Extent | xx, 756 p. : |
| Other physical details | ill. ; |
| Dimensions | 24 cm. |
| 505 ## - FORMATTED CONTENTS NOTE | |
| Formatted contents note | Vectors and Balanced Forces(Page-1), Uniformly Accelerated Motion(Page-21), Forces and Linear Motion(Page-45), Motion Under the Action of gravity (Page-69), Work and Energy (Page-87), Momentum and The Pressure of Gases (Page-115), Angular Motion and Centripetal Force (Page-135), Rotation of Gorged Bodies(Page-157), Mechanical Properties of Matter (Page-189), temperature, Motion ,and The Gas Law (Page-223), Thermal Properties of Matter (Page-247), Thermodynamics (Page-275), Vibratory Motion (Page-303), Wave Motion (Page-319), Sound (Page--337) Electronic Charges AT Rest : Electrostatics(Page-359), Circuit Elements and Their Behavior (Page-383), Direct-Current Circuits (Page-409), Magnetic(Page-437) Electromechanical Devices (Page-465), Alternating Currents and Reactive Circuits (Page-489), Electronics and Electromagnetic Waves (Page-509),The properties of light (Page-537), Optical Devices(Page-569), Interference and diffraction (Page-591), Atomic Structure and The Emission of Light (Page-649),The Atomic Nucleus (Page-685), Physics of The Universe (Page-715 ). |
| 650 #0 - SUBJECT ADDED ENTRY--TOPICAL TERM | |
| Topical term or geographic name entry element | Physics. |
| 942 ## - ADDED ENTRY ELEMENTS (KOHA) | |
| Source of classification or shelving scheme | |
| Koha item type | Book |
| Call number prefix | 530,BUE |
| Withdrawn status | Lost status | Source of classification or shelving scheme | Damaged status | Not for loan | Permanent Location | Current Location | Shelving location | Date acquired | Full call number | Barcode | Date last seen | Price effective from | Koha item type | Public note |
|---|---|---|---|---|---|---|---|---|---|---|---|---|---|---|
| Military College of Signals (MCS) | Military College of Signals (MCS) | General Stacks | 12/12/2016 | 530,BUE | MCS6344 | 12/08/2016 | 12/12/2016 | Book | Almirah No.15, Shelf No.2 | |||||
| Military College of Signals (MCS) | Military College of Signals (MCS) | General Stacks | 12/12/2016 | 530,BUE | MCS7100 | 12/08/2016 | 12/12/2016 | Book | Almirah No.15, Shelf No.2 |
